Bangladesh microfinance statistics. / (Record no. 6650)

MARC details
000 -LEADER
fixed length control field 00781cas a22002295a 4500
001 - CONTROL NUMBER
control field BD-DhSAU 6650
003 - CONTROL NUMBER IDENTIFIER
control field BD-DhSAU
005 - DATE AND TIME OF LATEST TRANSACTION
control field 20150510154403.0
008 - FIXED-LENGTH DATA ELEMENTS--GENERAL INFORMATION
fixed length control field 090720c20079999bg ar s 0 0eng
040 ## - CATALOGING SOURCE
Original cataloging agency BD-DhSAU
082 ## - DEWEY DECIMAL CLASSIFICATION NUMBER
Edition number 22
Classification number 658.195492
Item number BAN
245 00 - TITLE STATEMENT
Title Bangladesh microfinance statistics. /
260 ## - PUBLICATION, DISTRIBUTION, ETC. (IMPRINT)
Name of publisher, distributor, etc. Credit and Development Forum :
-- Institute of Microfinance,
Date of publication, distribution, etc. 2007.
300 ## - PHYSICAL DESCRIPTION
Extent v, 197 p. :
Dimensions 29 cm.
590 ## - Name of Cataloguer
Name of Cataloger tamanna
650 #0 - SUBJECT ADDED ENTRY--TOPICAL TERM
Topical term or geographic name as entry element Microfinance
Geographic subdivision Bangladesh
Form subdivision Statistics
-- Periodicals.
650 #0 - SUBJECT ADDED ENTRY--TOPICAL TERM
Topical term or geographic name as entry element agronomy
650 #0 - SUBJECT ADDED ENTRY--TOPICAL TERM
Topical term or geographic name as entry element Microfinance
Geographic subdivision Bangladesh
Form subdivision Periodicals.
710 2# - ADDED ENTRY--CORPORATE NAME
Corporate name or jurisdiction name as entry element Credit and Development Forum (Bangladesh)
710 2# - ADDED ENTRY--CORPORATE NAME
Corporate name or jurisdiction name as entry element Institute of Microfinance (Bangladesh)
780 00 - PRECEDING ENTRY
Title CDF microfinance statistics
Record control number (DLC) 2006541692
-- (OCoLC)225977790
942 ## - ADDED ENTRY ELEMENTS (KOHA)
Source of classification or shelving scheme Dewey Decimal Classification
Koha item type Book
Holdings
Withdrawn status Lost status Source of classification or shelving scheme Damaged status Not for loan Collection code Home library Branch Name Shelving location Date acquired Total Checkouts Full call number Barcode Date last seen Price effective from Koha item type
    Dewey Decimal Classification   Not For Loan Reference SAU Library SAU Library Reference 23/06/2011   658.195492 BAN 36605 10/05/2015 10/05/2015 Book